000
00211 a2200097 4500
001
1245
100
_a
Cotterell,A.h.
245
_a
Theoretical structural Metallurgy
260
_a
_b
Arnold
_c
090
_c
805
_d
805
942
_a
NUST-CAE
_c
M
_c
34767
999
_c
236318
_d
236318